[Event "December Holiday Games"]
[Site "SchemingMind.com"]
[Date "2016.01.14"]
[Round "-"]
[White "emvarela"]
[Black "jacksrking"]
[Result "1-0"]
[WhiteCountry "ARG"]
[BlackCountry "USA"]
[WhiteElo "1658"]
[WhiteRD "48"]
[BlackElo "1414"]
[BlackRD "65"]
[GameID "393505"]

1. e4 e5 2. Nf3 Nc6 3. Bb5 Nge7 4. O-O a6 5. Bxc6 Nxc6 6. d4 exd4 7. Nxd4 Nxd4 8. Qxd4 d6 9. Nc3 Be6 10. Be3 c5
11. Qd2 Be7 12. Nd5 Bxd5 13. Qxd5 Qc7 14. Rad1 O-O 15. c4 b6 16. f4 Kh8 17. e5 dxe5 18. fxe5 Rad8 19. Qe4 Rxd1 20. Rxd1 g6
21. Bf4 f5 22. Qf3 b5 23. e6 Qa5 24. Be5+ Kg8 25. cxb5 axb5 26. Qc3 Qxa2 27. Bh8 Rf6 28. Bxf6 Qxe6 29. Bxe7 Qxe7 30. Re1 Qd7
31. Qxc5 Kf7 32. b4 Qd2 33. Re7+ Kf6 34. Qe5+ Kg5 35. Qe3+ Qxe3+ 36. Rxe3 f4 37. Re5+ Kg4 38. Rxb5
1-0

[Event "December Holiday Games"]
[Site "SchemingMind.com"]
[Date "2016.01.14"]
[Round "-"]
[White "maro"]
[Black "emvarela"]
[Result "0-1"]
[WhiteCountry "MEX"]
[BlackCountry "ARG"]
[WhiteElo "1348"]
[WhiteRD "58"]
[BlackElo "1720"]
[BlackRD "49"]
[GameID "393506"]

1. e4 e5 2. Nf3 Nc6 3. Bc4 Bc5 4. O-O Nf6 5. d3 d6 6. Ng5 O-O 7. Nf3 h6 8. h3 Qe7 9. Re1 Be6 10. Bxe6 Qxe6
11. Be3 Bxe3 12. Rxe3 Rfe8 13. Nh4 d5 14. exd5 Nxd5 15. Re2 Nd4 16. Re1 Nf4 17. Nc3 Nxh3+ 18. gxh3 Qxh3 19. Re4 f5 20. Re3 Qxh4
21. Nd5 Re6 22. Nxc7 Rg6+ 23. Kf1 Qh1#
0-1

[Event "December Holiday Games"]
[Site "SchemingMind.com"]
[Date "2016.01.14"]
[Round "-"]
[White "emvarela"]
[Black "maro"]
[Result "1-0"]
[WhiteCountry "ARG"]
[BlackCountry "MEX"]
[WhiteElo "1684"]
[WhiteRD "47"]
[BlackElo "1392"]
[BlackRD "59"]
[GameID "393507"]

1. e4 Nc6 2. d4 e6 3. Nf3 d6 4. Nc3 Nf6 5. Bb5 Bd7 6. Bg5 Be7 7. Bxc6 Bxc6 8. Bxf6 Bxf6 9. d5 exd5 10. exd5 Bd7
11. Qe2+ Be5 12. Nxe5 dxe5 13. Qxe5+ Qe7 14. Qxe7+ Kxe7 15. O-O-O Rhe8 16. Rhe1+ Kf8 17. f3 Rad8 18. Kd2 Bc6 19. Rxe8+ Bxe8 20. Ke2 a6
21. a4 Rd6 22. Ne4 Rb6 23. b3 Rh6 24. h3 Ke7 25. c4 f5 26. Ng3 g6 27. Kd3 f4 28. Re1+ Kf7 29. Ne4 Bd7 30. Nc5 Bf5+
31. Kc3 b6 32. Nxa6 g5 33. Nxc7 Rd6 34. Nb5 Rd8 35. Nd4 Kf6 36. Nxf5 Kxf5 37. Re6 h5 38. Rxb6 Re8 39. Re6
1-0

[Event "December Holiday Games"]
[Site "SchemingMind.com"]
[Date "2016.01.14"]
[Round "-"]
[White "emvarela"]
[Black "Timaeus"]
[Result "1-0"]
[WhiteCountry "ARG"]
[BlackCountry "JPN"]
[WhiteElo "1658"]
[WhiteRD "48"]
[BlackElo "1377"]
[BlackRD "70"]
[GameID "393508"]

1. e4 c5 2. d4 d6 3. Nf3 Nf6 4. Nc3 cxd4 5. Nxd4 e5 6. Bb5+ Bd7 7. Bxd7+ Qxd7 8. Nb3 g6 9. Be3 Bg7 10. Qd2 O-O
11. O-O-O Rd8 12. f3 Nc6 13. Nd5 Nxd5 14. exd5 Ne7 15. Bg5 Rdc8 16. Bxe7 Qxe7 17. Kb1 Rc7 18. c3 Bf6 19. Rhe1 Rac8 20. g3 b5
21. h4 h5 22. f4 Kf8 23. fxe5 Bxe5 24. Nd4 Rc5 25. Nf3 Rb8 26. Nxe5 dxe5 27. Qh6+ Ke8 28. Qh8+ Qf8 29. Rxe5+ Kd7 30. Qxf8 Rxf8
31. Rd4 Re8 32. Rxe8 Kxe8 33. Kc2 b4 34. Rxb4 a5 35. Rd4 Kd7 36. c4 f5 37. b3 Kd6 38. Kc3 Rc7 39. a3 Rd7 40. b4 axb4+
41. axb4 Re7 42. c5+ Ke5 43. d6 Rd7 44. b5 Ke6 45. Kc4 Rd8 46. b6 Kd7 47. Kb5
1-0

[Event "December Holiday Games"]
[Site "SchemingMind.com"]
[Date "2016.01.14"]
[Round "-"]
[White "Timaeus"]
[Black "emvarela"]
[Result "0-1"]
[WhiteCountry "JPN"]
[BlackCountry "ARG"]
[WhiteElo "1339"]
[WhiteRD "70"]
[BlackElo "1684"]
[BlackRD "47"]
[GameID "393509"]

1. e4 e5 2. Nf3 Nc6 3. Bc4 Nf6 4. Nc3 Nxe4 5. Nxe4 d5 6. Bxd5 Qxd5 7. d3 Bg4 8. h3 Bxf3 9. Qxf3 Nd4 10. Qd1 O-O-O
11. O-O f6 12. Be3 b6 13. Nc3 Qc6 14. Bxd4 exd4 15. Ne4 Bd6 16. c4 Bc5 17. Qg4+ Rd7 18. Rfe1 Kd8 19. Re2 Re8 20. Rae1 Rde7
21. f3 g6 22. Qg3 f5 23. Qh4 Kc8 24. Nf6 Rxe2 25. Nxe8 Qxe8 26. Kf1 Rxe1+ 27. Qxe1 Qxe1+
0-1

[Event "December Holiday Games"]
[Site "SchemingMind.com"]
[Date "2016.01.14"]
[Round "-"]
[White "emvarela"]
[Black "Transcendent"]
[Result "0-1"]
[WhiteCountry "ARG"]
[BlackCountry "ENG"]
[WhiteElo "1684"]
[WhiteRD "47"]
[BlackElo "1656"]
[BlackRD "56"]
[GameID "393510"]

1. e4 e6 2. d4 d5 3. exd5 exd5 4. Nc3 Nf6 5. Nf3 Bd6 6. Bg5 c6 7. Qe2+ Be6 8. Bxf6 Qxf6 9. Ne5 O-O 10. h3 Nd7
11. Nxd7 Bxd7 12. O-O-O Rfe8 13. Qf3 Qxf3 14. gxf3 Bf4+ 15. Kb1 a5 16. Bd3 a4 17. Ne2 Bd6 18. Ng3 a3 19. b3 c5 20. Bf5 Bb5
21. dxc5 Bxc5 22. Rxd5 Bxf2 23. Rxb5 Bxg3 24. Rxb7 Re5 25. Be4 f5 26. Rxg7+ Kxg7 27. Bxa8 Kf6 28. c4 Re2 29. Rf1 Rb2+
0-1

[Event "December Holiday Games"]
[Site "SchemingMind.com"]
[Date "2016.01.14"]
[Round "-"]
[White "Transcendent"]
[Black "emvarela"]
[Result "1-0"]
[WhiteCountry "ENG"]
[BlackCountry "ARG"]
[WhiteElo "1664"]
[WhiteRD "61"]
[BlackElo "1658"]
[BlackRD "48"]
[GameID "393511"]

1. d4 Nf6 2. c4 g6 3. g3 Bg7 4. Bg2 d5 5. cxd5 Nxd5 6. Nf3 O-O 7. Nc3 Nxc3 8. bxc3 c6 9. e4 Bg4 10. h3 Bxf3
11. Bxf3 Nd7 12. O-O e5 13. Ba3 Re8 14. Rb1 b6 15. Bg2 exd4 16. cxd4 Qc7 17. e5 Rad8 18. Rc1 Nxe5 19. f4 c5 20. fxe5 Bxe5
21. d5 Bxg3 22. Qf3 Bd6 23. Bb2 Be5 24. Bxe5 Rxe5 25. Rcd1 Rde8 26. d6 Qd7 27. h4 Re3 28. Qf6 R8e6 29. Qf4 Kg7 30. h5 gxh5
31. Qg5+ Kf8 32. Qxh5 Rg6 33. Qxh7 Reg3 34. Rf2 Rh3 35. Qxg6
1-0

[Event "December Holiday Games"]
[Site "SchemingMind.com"]
[Date "2016.01.14"]
[Round "-"]
[White "emvarela"]
[Black "DANDYLIONHONEYBADGER"]
[Result "1-0"]
[WhiteCountry "ARG"]
[BlackCountry "USA"]
[WhiteElo "1680"]
[WhiteRD "49"]
[BlackElo "1309"]
[BlackRD "68"]
[GameID "393512"]

1. e4 e5 2. Nf3 Nc6 3. Bb5 a6 4. Bxc6 bxc6 5. O-O d6 6. d4 Nf6 7. dxe5 Nxe4 8. Re1 d5 9. Nbd2 Bc5 10. Nxe4 dxe4
11. Qxd8+ Kxd8 12. Rxe4 f5 13. Bg5+ Ke8 14. Rc4 Be7 15. Bxe7 Kxe7 16. Rxc6 Ra7 17. Rd1 Rd8 18. Rxd8 Kxd8 19. Nd4 Bb7 20. Rc3 Be4
21. Ne6+ Kd7 22. Nc5+ Kc6 23. Nxe4+ Kd5 24. Nd2 Kxe5 25. Re3+ Kf6 26. f4 Rb7 27. b3 a5 28. a4 g5 29. fxg5+ Kxg5 30. Nf3+ Kf4
31. Kf2 c5 32. g3+ Kg4 33. Re5 h6 34. Rxc5 h5 35. Rc4+
1-0

[Event "December Holiday Games"]
[Site "SchemingMind.com"]
[Date "2016.01.14"]
[Round "-"]
[White "DANDYLIONHONEYBADGER"]
[Black "emvarela"]
[Result "1-0"]
[WhiteCountry "USA"]
[BlackCountry "ARG"]
[WhiteElo "1289"]
[WhiteRD "73"]
[BlackElo "1658"]
[BlackRD "48"]
[GameID "393513"]

1. Nc3 e5 2. Nf3 Nc6 3. d4 exd4 4. Ne4 d5 5. Ng3 Bb4+ 6. c3 dxc3 7. bxc3 Bxc3+ 8. Bd2 Bxa1 9. Qxa1 f6 10. e3 Nge7
11. Bd3 a6 12. Nh5 O-O 13. Bc3 Bg4 14. Nxg7 Kxg7 15. h3 Bxf3 16. gxf3 Ng6 17. h4 Nge5 18. Rg1+ Kh8 19. Be2 Qe7 20. f4 Nf7
21. Bxf6+
1-0

[Event "December Holiday Games"]
[Site "SchemingMind.com"]
[Date "2016.01.14"]
[Round "-"]
[White "emvarela"]
[Black "Wojtek26"]
[Result "0-1"]
[WhiteCountry "ARG"]
[BlackCountry "POL"]
[WhiteElo "1684"]
[WhiteRD "47"]
[BlackElo "1578"]
[BlackRD "50"]
[GameID "393514"]

1. e4 e5 2. Nf3 Nc6 3. Bb5 a6 4. Bxc6 dxc6 5. O-O Bd6 6. d4 Bg4 7. dxe5 Bxe5 8. Qxd8+ Rxd8 9. Be3 Bxf3 10. gxf3 Bxb2
11. Nd2 Bxa1 12. Rxa1 Nf6 13. Nb3 b6 14. Bf4 Rd7 15. Re1 Kd8 16. Bg5 h6 17. Bxf6+ gxf6 18. Kf1 c5 19. Ke2 Re7 20. Rd1+ Kc8
21. Ke3 Rg8 22. f4 Rge8 23. f3 Rg8 24. c4 Rg2 25. Rd2 Rxd2 26. Kxd2 Re8 27. Ke3 Rg8 28. a4 Rg2 29. a5 Rxh2 30. axb6 cxb6
31. e5 fxe5 32. fxe5 a5 33. Kd3 a4 34. Na1 Kd7 35. f4 h5 36. Ke4 a3
0-1

[Event "December Holiday Games"]
[Site "SchemingMind.com"]
[Date "2016.01.14"]
[Round "-"]
[White "Wojtek26"]
[Black "emvarela"]
[Result "1-0"]
[WhiteCountry "POL"]
[BlackCountry "ARG"]
[WhiteElo "1578"]
[WhiteRD "50"]
[BlackElo "1684"]
[BlackRD "47"]
[GameID "393515"]

1. d4 Nf6 2. c4 g6 3. e3 Bg7 4. Nf3 O-O 5. Bd3 d5 6. O-O c6 7. h3 dxc4 8. Bxc4 e6 9. Nc3 Nd5 10. a3 Nxc3
11. bxc3 b5 12. Bb3 Nd7 13. a4 a5 14. Nd2 bxa4 15. Bxa4 Ba6 16. Ne4 Bxf1 17. Qxf1 Qc7 18. Qc4 Rfc8 19. Ba3 Nb6 20. Qb3 Bf8
21. Bxf8 Rxf8 22. c4 Nxa4 23. Qxa4 Ra7 24. Nf6+ Kg7 25. Ne4 Rb8 26. c5 Rb4 27. Qd1 a4 28. Nd6 a3 29. Ne8+
1-0